MDQL
is popping MORE tags! Check the
thread
!
Quizzes
Events
Quiz Creation
Community
Videos
Private Events
Remove Ads
Sign In
Join for FREE
Feedback
Dark Mode
Quiz Categories
Sports
Geography
Music
Movies
Television
Just For Fun
Miscellaneous
History
Literature
Language
Science
Gaming
Entertainment
Religion
Holiday
For Kids
Quiz Lab
Recent
Popular Today
Quiz Kudos Today
Editor Picks
Curator Picks
Quizzes by...
Day
Popularity
Type
Ratings
Length
Year
Community
Subscriptions
Recent Discussions
Orange Saloon
Badges
Playlists
Quests
Create
Leaderboards
Showdown
Live 5
Trivia Bingo
Activity
Puzzle Library
Sporcle Events
Private Events
Virtual Trivia
Globe League
Become a Host
Pub Owners
SporcleCon
Opinionation
Our Games
Videos
Blog
Mobile Apps
Partnerships
Remove Ads and Go Orange
Feedback
Geography
Country
Landmarks
City
State
Population
World
Capital
Continent
Flags
Europe
Africa
Asia
South America
North America
Oceania
Border
Canada
United Kingdom
Topography
United States
Geography
Country
Landmarks
City
State
Population
World
Capital
Continent
Flags
Europe
Africa
Asia
South America
North America
Oceania
Border
Canada
United Kingdom
Topography
United States
Random Quiz
Search Sporcle
×
Quiz Lab
Quiz Lab
Geography
City
Type answers that appear on an image
Type answers that appear on an image
Map
Best Score? Go Orange.
Top 30 Alabama Cities on a Map Stats
Can you name the top 30 Alabama cities on a map?
By
SpanishSpy
10m
30 Questions
1,370 Plays
1,370 Plays
1,370 Plays
Comments
Comments
Give Quiz Kudos
Give Quiz Kudos
-
- Ratings
hide this ad
Replay
Link that replays current quiz
Next Quiz
Link to next quiz in quiz playlist
You Got
0%
They Got
Avg Score
63%
Avg Friend Score
Upgrade to see
Score Distribution
Jump to the score distribution portion of the page
Score
0/30
Timer
10:00
0
Plays Today
% Correct
Mobile
98.2%
Birmingham
97.4%
Montgomery
96%
Huntsville
95.3%
Tuscaloosa
93%
Auburn
85.8%
Hoover
81.4%
Dothan
80.8%
Florence
73.9%
Decatur
73.3%
Gadsden
68.3%
Selma
63%
Madison
61.5%
Phenix City
60.8%
Anniston
60.2%
% Correct
Daphne
57.6%
Opelika
56.7%
Bessemer
55.4%
Vestavia Hills
54.3%
Enterprise
52.7%
Prattville
50%
Oxford
49.7%
Athens
48.4%
Alabaster
48.2%
Homewood
42.1%
Prichard
41.2%
Northport
39.7%
Mountain Brook
38.8%
Pelham
37.5%
Albertville
34.9%
Quiz Playlist
Details
Report
Send in Message
Add To Playlist
Map:
Type answers that appear on an image
Last Updated: May 23, 2018
Quiz Scoreboard
CHALLENGE
Sign Up to Join the Scoreboard
Show All
Scores
Hide
Comments
May contain spoilers
Recently Published
Holiday 10x10 Sorting Gallery
by lukepisani3
Holiday
15m
Two Season TV Shows II
by 123Four
Television
10m
Image Sorting: Flags VI
by Barbecue
Geography
2m
More to Explore
Quiz From the Vault
Featured Blog Post
14 Easter Pick-up Lines to Find Eggs With
hide this ad
You Might Also Like...
Tags
City Quiz
Alabama
map
Today's Top Quizzes in Geography
Browse Geography
hide this ad
Today's Top Quizzes in City
Browse City
Top Contributed Quizzes in Geography
1
Colored Red Europe Blitz I
2
Countries of the World - No Outlines Minefield
3
Colored Red Africa Blitz II
4
Colored Red Europe Blitz II
5
Colored Red Europe Blitz III
6
Colored Red Africa Blitz III
7
Colored Red States Blitz I
8
A Different View: World Oceans
9
Colored Red States Blitz II
10
Colored Red States Blitz III
Explore More
Trending Topics
Anime
Marvel
Crossword
Harry Potter
NBA
Kpop
Disney
WWE
NFL
Puzzle
Song
Pokémon
Country
The Office
Soccer
hide this ad
More By:
SpanishSpy
Quiz
Plays
Rating
Category
Featured
Created
Top 30 Cities of Ireland on a Map
66,082
4.11
Geography
Aug 18, 2015
Top 20 Cities of Türkiye on a Map
53,843
4.30
Geography
Jul 25, 2017
Top 20 Cities of Argentina on a Map
51,714
4.52
Geography
Dec 2, 2015
Top 25 Cities of Portugal on a Map
37,980
4.58
Geography
May 7, 2016
Top 20 Cities of South Korea on a Map
35,916
4.69
Geography
Jan 7, 2016
Go to Creator's Profile
Score Distribution
Quiz Creator Spotlight
SpanishSpy
Follow
Send a Message
Quizzes Created
-
Created Quiz Play Count
-
More By This Creator
Popular Quizzes Today
1
Find the US States - No Outlines Minefield
2
Colored Red Africa Blitz
3
Find the 'City' Movie
4
The Countries of the World
5
Find the US States
6
5x2 Blitz: Bands
7
Find the Countries of Europe - No Outlines Minefield
8
US States
More Geography Quizzes
European K Cities
Quiz Lab
Trending Quizzes
Colored Red Europe Blitz I
Colored Red Europe Blitz II
Colored Red Africa Blitz II
Colored Red Europe Blitz III
Colored Red Africa Blitz III
Recently Updated
Odd Team Out - Big 4 Players
pecheneg
Quick Pick: 20 Twenties
pecheneg
March Madness Men's Triple Doubles
pecheneg
How Do You Spell That?
pecheneg
Godzilla Movies
pecheneg
Grab Bag: 4-10 Letters
pecheneg
2024 March Madness Bracket
pecheneg
Famous TV Couples
Peacemaker
Champions League XIs: Real Madrid
pecheneg
Largest US Cities 1790-2010
pecheneg
Trending Topics
Anime
Marvel
Kpop
Harry Potter
NBA
Crossword
Disney
WWE
Soccer
Country
NFL
Pokémon
Song
The Office
Puzzle
Your Account Isn't Verified!
In order to create a playlist on Sporcle, you need to verify the email address you used during registration. Go to your
Sporcle Settings
to finish the process.
Report this User
Report this user for behavior that violates our
Community Guidelines
.
Details:
Send Report
Go to the Sporcle.com Mobile Site →
Comments